| 000 | 00634nam a2200217Ia 4500 | ||
|---|---|---|---|
| 005 | 20241129110023.0 | ||
| 008 | 241129s9999||||xx |||||||||||||| ||und|| | ||
| 020 | _a978-81-19391-15-8 | ||
| 037 | _aTB | ||
| 040 |
_aARTS _beng _cARTS |
||
| 041 |
_aeng _2eng |
||
| 084 |
_aSM R3 _qARTS |
||
| 100 |
_aSingh Manoj Kumar Au. _940119 |
||
| 245 | 0 |
_aExperimental psychology _cSingh Manoj Kumar Au. |
|
| 260 |
_aNew Delhi, India _bNew Asia Publishers and Distributors _c2023 |
||
| 300 | _aix,240p. | ||
| 365 |
_aINR _b1800 |
||
| 650 |
_aPsychologyExperimental Methods _9726906 |
||
| 942 |
_cTB _hSM R3 |
||
| 999 |
_c1227019 _d1227019 |
||